Instructor's manual to accompany Understanding computers by Grace Murray Hopper, Steven L. Mandell / (Record no. 142909)

MARC details
000 -LEADER
fixed length control field 00925nam a2200253 a 4500
008 - FIXED-LENGTH DATA ELEMENTS--GENERAL INFORMATION
fixed length control field
020 ## - INTERNATIONAL STANDARD BOOK NUMBER
International Standard Book Number 0314791396 (pbk.)
049 ## - LOCAL HOLDINGS (OCLC)
Holding library MAIN
090 ## - LOCALLY ASSIGNED LC-TYPE CALL NUMBER (OCLC); LOCAL CALL NUMBER (RLIN)
Classification number (OCLC) (R) ; Classification number, CALL (RLIN) (NR) QA76.5
Local cutter number (OCLC) ; Book number/undivided call number, CALL (RLIN) HOP
003 - CONTROL NUMBER IDENTIFIER
control field
005 - DATE AND TIME OF LATEST TRANSACTION
control field 20230123133117.0
040 ## - CATALOGING SOURCE
Transcribing agency NUST
100 1# - MAIN ENTRY--PERSONAL NAME
Personal name Hopper, Grace Murray.
245 10 - TITLE STATEMENT
Title Instructor's manual to accompany Understanding computers by Grace Murray Hopper, Steven L. Mandell /
Statement of responsibility, etc. prepared by Steven L. Mandell.
260 ## - PUBLICATION, DISTRIBUTION, ETC.
Place of publication, distribution, etc. Saint Paul, Minn. :
Name of publisher, distributor, etc. West Publishing,
Date of publication, distribution, etc. c1984.
300 ## - PHYSICAL DESCRIPTION
Extent v, 226 [89] p. ;
Dimensions 26 cm.
650 ## - SUBJECT ADDED ENTRY--TOPICAL TERM
Topical term or geographic name entry element Computers
General subdivision Study and teaching.
650 #0 - SUBJECT ADDED ENTRY--TOPICAL TERM
Topical term or geographic name entry element Electronic digital computers
General subdivision Study and teaching.
650 #0 - SUBJECT ADDED ENTRY--TOPICAL TERM
Topical term or geographic name entry element Microcomputers
General subdivision Study and teaching.
700 1# - ADDED ENTRY--PERSONAL NAME
Personal name Hopper, Grace Murray.
Title of a work Understanding computers.
740 01 - ADDED ENTRY--UNCONTROLLED RELATED/ANALYTICAL TITLE
Uncontrolled related/analytical title Understanding computers :
-- Instructor's manual.
907 ## - LOCAL DATA ELEMENT G, LDG (RLIN)
a .b10006308
b 13-02-09
c 17-04-03
942 ## - ADDED ENTRY ELEMENTS (KOHA)
Koha item type Ordinary Loan Books
Call number prefix QA76.5
Call number suffix HOP
Holdings
Date last seen Total Checkouts Full call number Barcode Cost, replacement price Price effective from Koha item type Lost status Source of classification or shelving scheme Damaged status Not for loan Collection Withdrawn status Home library Current library Shelving location Date acquired Cost, normal purchase price
01/23/2023 25 QA76.5 HOP 92003008338 80.00 01/23/2023 BOOKS   LCC     NFIC   MAIN MAIN GEN 01/23/2023 80.00